LEADER 02960oam 2200493 450 001 996543169103316 005 20230822235742.0 010 $a3-11-068211-7 024 7 $a10.1515/9783110682113 035 $a(CKB)4100000011358699 035 $a(DE-B1597)537722 035 $a(DE-B1597)9783110682113 035 $a(MiAaPQ)EBC6478618 035 $a(OCoLC)1191864180 035 $a(EXLCZ)994100000011358699 100 $a20210629d2020 uy 0 101 0 $aeng 135 $aur||||||||||| 181 $ctxt$2rdacontent 182 $cc$2rdamedia 183 $acr$2rdacarrier 200 04$aThe distress is impossible to convey $eBritish and German trade-union reports on labour in India (1926-1928) /$fedited by Ravi Ahuja, Marcel van der Linden, Anna Sailer 210 1$aBerlin ;$aBoston :$cDe Gruyter Oldenbourg,$d[2020] 210 4$d©2020 215 $a1 online resource (VIII, 284 p.) 225 1 $aWork in global and historical perspective ;$vVolume 10 311 $a3-11-068191-9 320 $aIncludes bibliographical references and index. 327 $tFrontmatter -- $tContents -- $tGlossary -- $tIntroduction: Indian Textile Industries and European Trade Union Delegations in the 1920s -- $tExploitation in India. Report of the deputation sent to India by the Joint Committee of Dundee Jute Trade Unions (1926) -- $tReport of Investigations into the Conditions of Indian Textile Workers, Presented to the International Federation of Textile Workers by the Secretary, The Right Hon. T. Shaw. M.P. (1927) -- $tWorking India. Its Future and its Struggle. Report of the German members of the deputation sent to India by the International Federation of Textile Workers (1928) -- $tImages of Indian Labour in German Trade Union Publications -- $tAsian Industrialism, Labour Movements and Cultural Nationalism: Interwar contexts of German trade-union writings on ?Working India? -- $tAppendix: Indian Workers? Delegates at Sessions of the International Labour Conference, 1920?1929 -- $tBibliography -- $tAcknowledgements -- $tIndex 330 $aAsian industrial competition, from Japan, China but also India, attracted greater public attention in Europe during the inter-war period than ever before. Indian industrial employment became the subject not only of extensive official enquiries, intensified legislation, a growing number of academic studies and of more popular writings, but also of debates within and between European trade unions. 410 0$aWork in global and historical perspective ;$vVolume 10. 606 $aLabor$zIndia$xHistory 615 0$aLabor$xHistory. 676 $a331.11730954162 702 $aAhuja$b Ravi 702 $aLinden$b Marcel van der$f1952- 702 $aSailer$b Anna 801 0$bMiAaPQ 801 1$bMiAaPQ 801 2$bUtOrBLW 906 $aBOOK 912 $a996543169103316 996 $aThe distress is impossible to convey$93420252 997 $aUNISA LEADER 04575nam 22007695 450 001 9910792882703321 005 20230124194016.0 010 $a0-8232-7644-9 010 $a0-8232-7706-2 010 $a0-8232-7643-0 024 7 $a10.1515/9780823276431 035 $a(CKB)3710000001099930 035 $a(MiAaPQ)EBC4821738 035 $a(StDuBDS)EDZ0001720911 035 $a(OCoLC)976397068 035 $a(MdBmJHUP)muse59077 035 $a(DE-B1597)551405 035 $a(DE-B1597)9780823276431 035 $a(OCoLC)976434209 035 $a(EXLCZ)993710000001099930 100 $a20200723h20172017 fg 0 101 0 $aeng 135 $aurcnu|||||||| 181 $2rdacontent 182 $2rdamedia 183 $2rdacarrier 200 10$aPublic Things $eDemocracy in Disrepair /$fBonnie Honig 205 $aFirst edition. 210 1$aNew York, NY :$cFordham University Press,$d[2017] 210 4$d©2017 215 $a1 online resource (161 pages) 225 0 $aThinking Out Loud 300 $aThis edition previously issued in print: 2017. 311 0 $a0-8232-7641-4 311 0 $a0-8232-7640-6 320 $aIncludes bibliographical references and index. 327 $tFront matter --$tContents --$tPreface: Opting Out --$tIntroduction. Thinking Out Loud --$tLecture One: Democracy?s Necessary Conditions --$tLecture Two: Care and Concern: Arendt with Winnicott --$tLecture Three: Hope and Play: Jonathan Lear?s Radical Hope and Lars von Trier?s Melancholia --$tEpilogue: Public Things, Shared Space, and the Commons --$tAcknowledgments --$tNotes --$tBibliography --$tIndex 330 $aIn the contemporary world of neoliberalism, efficiency is treated as the vehicle of political and economic health. State bureaucracy, but not corporate bureaucracy, is seen as inefficient, and privatization is seen as a magic cure for social ills. In Public Things: Democracy in Disrepair, Bonnie Honig asks whether democracy is possible in the absence of public services, spaces, and utilities. In other words, if neoliberalism leaves to democracy merely electoral majoritarianism and procedures of deliberation while divesting democratic states of their ownership of public things, what will the impact be? Following Tocqueville, who extolled the virtues of ?pursuing in common the objects of common desires,? Honig focuses not on the demos but on the objects of democratic life. Democracy, as she points out, postulates public things?infrastructure, monuments, libraries?that citizens use, care for, repair, and are gathered up by. To be ?gathered up? refers to the work of D. W. Winnicott, the object relations psychoanalyst who popularized the idea of ?transitional objects??the toys, teddy bears, or favorite blankets by way of which infants come to understand themselves as unified selves with an inside and an outside in relation to others. The wager of Public Things is that the work transitional objects do for infants is analogously performed for democratic citizens by public things, which press us into object relations with others and with ourselves. Public Things attends also to the historically racial character of public things: public lands taken from indigenous peoples, access to public goods restricted to white majorities. Drawing on Hannah Arendt, who saw how things fabricated by humans lend stability to the human world, Honig shows how Arendt and Winnicott?both theorists of livenesss?underline the material and psychological conditions necessary for object permanence and the reparative work needed for a more egalitarian democracy. 410 0$aThinking out loud. 606 $aPolitical science$xPhilosophy 606 $aDemocracy$xPhilosophy 610 $aArendt. 610 $aJonathan Lear. 610 $aSovereignty. 610 $aTocqueville. 610 $aWinnicott. 610 $aaffect. 610 $acivil obedience. 610 $ademocratic theory. 610 $aindigenous politics. 610 $ainfrastructure. 610 $aneoliberalism. 610 $aobject relations. 610 $aopting out. 610 $arace. 610 $avon Trier. 615 0$aPolitical science$xPhilosophy. 615 0$aDemocracy$xPhilosophy. 676 $a321.8 686 $aPOL007000$aPHI019000$2bisacsh 700 $aHonig$b Bonnie$4aut$4http://id.loc.gov/vocabulary/relators/aut$0326410 801 0$bDE-B1597 801 1$bDE-B1597 906 $aBOOK 912 $a9910792882703321 996 $aPublic Things$93790021 997 $aUNINA